Anagrammes des pays de l'Union européenne - Statistiques

Statistiques générales
  • Ce quiz a été pris 46 fois
    23 depuis la dernière actualisation
  • Le résultat moyen est 7 sur 10
Statistiques - réponses
Hint Réponse % Correct
Gerce Grèce
95%
Eliait Italie
95%
Métal Malte
89%
Chuterai Autriche
68%
Coterai Croatie
68%
Landier Irlande
68%
Etoilent Lettonie
68%
Aumônier Roumanie
68%
Elevions Slovénie
68%
Ténoise Estonie
53%
Aucun quiz correspondant
Distribution des résultats
% des personnes avec chaque résultat
Percentile par nombre de réponses
Votre historique - résultats
Vous n’avez pas pris ce quiz depuis la dernière actualisation